000
00322nam a22001337a 4500
008
180314b xxu||||| |||| 00| 0 eng d
020
_a
9781617310560
041
_a
eng
080
_2
2nd
_a
611
100
_a
6
101
_a
ANA
245
_a
Exploring anatomy& physiology in the laboratory
_c
Amerman,E.C
942
_2
udc
_c
BK
999
_c
45005
_d
45005